| 000 | 00988nam a22002417a 4500 | ||
|---|---|---|---|
| 999 |
_c7141 _d7141 |
||
| 001 | 7141 | ||
| 003 | BD-JhCC | ||
| 005 | 20180517095624.0 | ||
| 008 | 171218s2013 bg a|||| ||a| 000 0 ben d | ||
| 035 | _a(BD-JhCC)5780 | ||
| 040 |
_aBD-JhCC _dBD-JhCC |
||
| 041 | _aben | ||
| 082 |
_a519.5 _bIMM 2013 |
||
| 100 | _aইমাম, ফারুক | ||
| 245 |
_aপরিসংখ্যান প্রথম পত্র একাদশ-দ্বাদশ শ্রেণী / _cফারুক ইমাম; মোহাম্মদ রাশিদুজ্জামান খান এবং মোঃ আব্দুল মোত্তালেব |
||
| 260 |
_aঢাকা : _bবাংলাদেশ বইঘর, _c2013. |
||
| 300 |
_a274 p. : _c23 cm. |
||
| 650 | _aStatistics | ||
| 700 | _aখান, মোহাম্মদ রাশিদুজ্জামান | ||
| 700 | _aমোত্তালেব, মোঃ আব্দুল | ||
| 942 |
_2ddc _cBK |
||